000 00584nam a2200229Ia 4500
003 OSt
005 20220923230354.0
006 a|||||r|||| 00| 0
007 ta
008 Pun
024 _a279,896
037 _cTextual
040 _aARTS
_cARTS
_bPun
041 _2Pun
_aPun
082 _aO153,1NHA1x, M6
100 _aਸਿੰਘ, ਹਰਭਜਨ
245 0 _aਧੁਆਂਖੇ ਨਕF
260 _c1986
650 _aਪੰਜਾਬੀ ਸਾਹਿਤ
942 _hO153,1NHA1x, M6
_cTEXL
_2CC
999 _c384343
_d384343